Indian labour year book 1990 (Record no. 507520)

000 -LEADER
fixed length control field 00335nam a2200109 4500
082 ## - DEWEY DECIMAL CLASSIFICATION NUMBER
Classification number R064x54 In2/.1990
100 ## - MAIN ENTRY--PERSONAL NAME
Personal name India. Ministry of Labour. Labour Bureau
9 (RLIN) 1875
245 ## - TITLE STATEMENT
Title Indian labour year book 1990
Statement of responsibility, etc by Labour Bureau. Ministry of Labour.
260 ## - PUBLICATION, DISTRIBUTION, ETC. (IMPRINT)
Place of publication, distribution, etc Chandigarh
Name of publisher, distributor, etc Government of India
Date of publication, distribution, etc 1990
300 ## - PHYSICAL DESCRIPTION
Extent 283p.
942 ## - ADDED ENTRY ELEMENTS (KOHA)
Source of classification or shelving scheme
Holdings
Withdrawn status Lost status Source of classification or shelving scheme Damaged status Koha normalized classification for sorting Not for loan Permanent location Current location Date acquired Full call number Barcode Date last seen Price effective from Koha item type
        R_064X54_IN2__1990_000000000000000   Indian Institute of Public Administration Indian Institute of Public Administration 2019-02-15 R064x54 In2/.1990 GG33954 2019-02-15 2019-02-15 GG

Powered by Koha